000 00380 a2200169 4500
001 188162
020 _a978-85-60281-20-6
040 _cMagnum
100 _aMelo Neto, Joao Cabral de
240 1 0 _aO artista inconfessável
_lpor
245 1 0 _aO artista inconfessável
300 _a198
362 0 _a2007
440 1 _aObjetiva
697 _aLITERATURA GERAL
942 _cBK
999 _c188162
_d188162